Finish the Vine Quote Quiz Stats

 Plays Quiz not verified by Sporcle

Support Sporcle.
Go Orange.
Score 0/30 Timer 05:00
0 Plays Today
% Correct
More like hurricane tortilla
94.1%
five feet apart cause they're not gay
89.5%
Uh yeah, I sure hope it does
89%
I thought you were american
84.6%
and read her bible
83.5%
and I never f*cking learned how to read
82.2%
Im calling the police!
82%
A child-No
81.2%
I dont have enough money for chicken nugget
80.9%
aND I AM NOT A COWARD
78.4%
up my ass
78.2%
mur dur, jUDAS NO
78.1%
turns out you're just fam
78.1%
I have hemorrhoids
75.1%
T-T-T-T-T TARGET
74.5%
% Correct
I HAVE THE POWER OF GOD AND ANIME ON MY SIDE
73.4%
I wont hesitate b*tch
72.5%
and you're really handsome cmon and raise your hand
71.8%
barbecue sauce on my titties
71.7%
I'm still a piece of garbage
71.1%
Aye you know this boy got his free tac-
70%
bruh, chill, i don't know why you're in a big time rush
66.6%
Go back to sleep. And starve
65.9%
be careful children that's a lotta sodium
65.8%
I don't need no degree to be a clothing hanger
65.2%
POSEIDON QUIVERS BEFORE HIM
64.5%
Kumbaya my lord
63.6%
Uh...I gotta a-bor-tion
61.7%
Show me your dick Steve
60.4%
Immigrants-cause-cancer
51.5%

You're not logged in!

Compare scores with friends on all Sporcle quizzes.
OR
Log In

From the Vault

Disney First Lines

by Gidget17

These Disney movies know how to make a great introduction.
Remove Ads.
Support Sporcle.
Get the best of Sporcle when you Go Orange. This ad-free experience offers more features, more stats, and more fun while also helping to support Sporcle. Thank you for becoming a member.

Show Comments

Extras

Top Quizzes Today


Score Distribution

Your Account Isn't Verified!

In order to create a playlist on Sporcle, you need to verify the email address you used during registration. Go to your Sporcle Settings to finish the process.

Report this User

Report this user for behavior that violates our Community Guidelines.

Details: